000 00827nam a2200229 a 4500
008 951205s1981||||[C 0 slo c
020 _c34 Kčs.
_q(15000 výtl.)
040 _aSNK
_bslo
_cSNK
_eAACR2
041 1 _aslo
_hslo
044 _axo
_cSK
080 _a502.3(437.672)(084.12)
100 1 _aDostál, Ľudovít
_4aut
245 1 0 _aOchrana prírody okresu Bardejov
_cĽudovít Dostál, Anton Klimko ; Ivan Bandurič, Anton Klimko
250 _a1., vyd.
260 _aKošice
_bVýchodoslovenské vydavateľstvo
_aS.l.
_bOkr. pamiatkovú správu v Bardejove [vyd.]
_c1981
_eKošice
_fVýchodoslovenské tlačiarne
300 _a117 s., 12,36 AH
_c22 cm
500 _aFot. na front. Mp. na predsádkach.
700 1 _aKlimko, Anton
_4aut
700 1 _aBandurič, Ivan
_4[ADC]
700 1 _aKlimko, Anton
_4bkd
958 _aA
999 _c15064
_d15064